MARC

LEADER 00000nam0a2200000 4500
001 6396
005 20231030180122.0
010 |a 9850602929 
035 |a (RuTPU)RU\TPU\book\6429 
035 |a BOOK00006485 
090 |a 6396 
100 |a 20011209d1998 m y0rusy50 ca 
101 0 |a rus 
102 |a BY 
105 |a y j 000zy 
200 1 |a Экономическая социология  |e учебник  |f Г. Н. Соколова 
210 |a Минск  |c Высшая школа  |d 1998 
215 |a 368 с. 
610 1 |a социология 
610 1 |a экономическая социология 
610 1 |a учебные пособия 
686 |a С55.42я73  |v LBC/SL-A  |2 rubbk 
700 1 |a Соколова  |b Г. Н.  |g Галина Николаевна 
801 0 |a RU  |b 63413507  |c 20011209  |g PSBO 
801 2 |a RU  |b 63413507  |c 20210416  |g PSBO 
942 |c BK